000 00582nam a2200157Ia 4500
008 210716s2018 xx 000 0 und d
020 _a9781787120556
041 _aeng
082 _a621.3821 MAIL
100 _aMaioli, Lisandra.
245 _aFixing bad UX designs: master proven approaches tools and techniques to make your user experience great again.
_bMaster proven approaches tools and techniques to make your user experience great again.
250 _a1
260 _aMumbai
_bPackt Publishing Ltd
_c2018
300 _aviii,329
650 _aCommunication Network(621.3821)
999 _c196573
_d196573